| 000 | 00512nam a22001697a 4500 | ||
|---|---|---|---|
| 005 | 20241003115613.0 | ||
| 008 | 170111b xxu||||| |||| 00| 0 eng d | ||
| 020 | _a9781416551072 | ||
| 040 | _cPK-LaUMT | ||
| 082 |
_a613.2 _bMAR-L |
||
| 100 |
_aMaroon, Joseph _92527 |
||
| 245 |
_aThe longevity factor : _bhow resveratrol and red wine activate genes for a longer and healthier life / _cJoseph Maroon |
||
| 260 |
_aNew York : _bAtria Books, _c2009 |
||
| 300 | _a352 p. | ||
| 650 |
_aLongevity _92528 |
||
| 942 | _cBK | ||
| 999 |
_c90033 _d90033 |
||